000 00319nam a22001457a 4500
008 221012b ||||| |||| 00| 0 eng d
020 _a1555425844
041 _aeng
080 _a61
082 _a61 MOR
100 _a5
101 _aMJEK
245 _aPATIENT FOCUSED HEALING
_cMOORE AND KOMRAS
942 _2udc
_cBK
999 _c58522
_d58522